00931 2200325 4500001002100000005001500021007000300036008004100039020001700080035002000097040001700117041000800134082001200142084001800154090001900172100002500191245007700216250001200293264003500305300004100340336002100381337003000402338002300432504002700455650001200482700003600494700003900530850001000569990002600579INLIS00000000000635120260418110328ta260418 0  a9799104342-6 a0010-0322000595 aSBPUPADbind aind a364.177 a364.177 VIS m a350 DOD t 10-40 aVisimediaePengarang1 aMencegah Terjerumus Narkoba /cVisimedia, Editor Libertus jehani, Antoro a.-cet.1 a.--Jakarta :bVisimedia,c2006 aix, 78 hal. :bilus. ;c13 x 20,5 cm 2rdacontentaTeks 2rdamediaaTanpa Perantara 2rdacarrieravolume aBibliografi, hlm 77-78 4aNarkoba aEditor kedua, AntoroePengarang aEditor, Libertus JehaniePengarang aPUPAD a9971/Br/KAPD-PDG/2009